Statystyki dla Top 100 Spotify Polska

Kliknij tutaj aby rozwiązać quiz!

Ogólne statystyki

  • Ten quiz został rozwiązany 2 314 razy
  • Średni wynik to 26 z 100

Statystyki odpowiedzi

Twórca% Poprawnych
4Mata
88%
1sanah
81%
24Bedoes
80%
13White 2115
73%
11Quebonafide
64%
16Dawid Podsiadło
63%
3Malik Montana
61%
30Taco Hemingway
61%
15Białas
59%
12Kizo
59%
20Oki
59%
7Żabson
59%
17Young Leosia
56%
8Young Igi
55%
6Sobel
54%
39Reto
48%
100Young Multi
45%
37Szpaku
43%
33Kinny Zimmer
42%
40Jan-Rapowanie
41%
21Smolasty
41%
76Ekipa
40%
42Otsochodzi
40%
10Lanek
39%
83Solar
39%
47Paluch
37%
65Alberto
35%
38Kukon
35%
5Mr. Polska
35%
52Guzior
34%
72Oliwka Brazil
34%
18Tymek
34%
31Gibbs
33%
9SB Maffija
33%
50Chivas
31%
44Kabe
30%
80Qry
28%
34Sentino
28%
22Daria Zawiałow
26%
2Tribbs
26%
91Fukaj
25%
99Janusz Walczuk
25%
93Miszel
25%
85chillwagon
24%
94Diho
23%
73Kacperczyk
23%
28MASNY BEN
23%
48Wac ToJa
22%
53Avi
21%
66Pezet
21%
25Vito Bambino
20%
41Cypis
19%
26Kwiat Jabłoni
19%
32Kubi Producent
18%
43Deemz
17%
46Jacuś
17%
79Sarius
17%
63Sokół
17%
62B.R.O
16%
96GOMBAO 33
16%
58PRO8L3M
16%
90Lady Pank
14%
78Kaz Bałagane
13%
87SKUTE BOBO
13%
35Favst
12%
77Gedz
12%
36Magiera
12%
19Pedro
12%
75PlanBe
12%
82Trill Pem
12%
68ZetHa
12%
84Julia Wieniawa
11%
70bryska
10%
55mgng
10%
60Ronnie Ferrari
10%
57@atutowy
9%
64Nitro
9%
29francis
8%
69Artur Rojek
7%
92be vis
7%
97Louis Villain
7%
59Nocny
7%
89Brodka
6%
45PSR
6%
61BeMelo
5%
54Sir Mich
5%
95Igor Herbut
4%
74OLEK
4%
14ConKi
3%
23Skytech
3%
56Abel Korzeniowski
2%
98Duit
2%
27Emdi
2%
51Marcin Przybyłowicz
2%
49Pham
2%
67Diviners
1%
88DJ Kuba & Neitan
1%
86Fafaq
1%
71HVSH
1%
81Sikdope
1%

Rozkład punktacji

Percentyl według liczby udzielonych odpowiedzi

Procent ludzi z każdym wynikiem

Twoja historia wyników

Nie rozwiązałeś tego quizu